| 000 | 00463nam a22001697a 4500 | ||
|---|---|---|---|
| 003 | CEME | ||
| 005 | 20210628210633.0 | ||
| 008 | 210210b xxu||||| |||| 00| 0 eng d | ||
| 020 | _a0-8092-2882-3 | ||
| 040 | _c. | ||
| 082 | _a519 BRO | ||
| 100 |
_aBrookhart, Clint _980288 |
||
| 245 | _aGo figure using math to answer everyday imponderables | ||
| 260 |
_aNEW DELHI _bCONTEMPORARY BOOKS _c2001 |
||
| 650 |
_aMATHEMATICS-POPULAR WORKS _969626 |
||
| 942 |
_cBK _2ddc |
||
| 999 |
_c585230 _d585230 |
||